000 00571nam a2200241 a 4500
001 nice12345678
003 IN_TiNIC
005 20260116011637.0
008 050524s1976 dela grp 000 0 eng
020 _a
_c30
082 0 0 _a291.6
_bMCM
100 _aMcmullen, Clarence O
245 _aNature of Guruship
260 _aDelhi
_bISPCK
_c1976
300 _a217p
500 _aincludes index and biblioraphy
505 2 _aindex
650 _aComparative Religion-Guru
700 1 _aMcmullen, Clarence O
902 _bSRS
942 _cBK
999 _c3087
_d3087